[Event "AUTO-OPEN-1519"]
[Site "http://www.queenalice.com/game.php?id=573998"]
[Date "2009.4.18"]
[Round "1"]
[White "citryien"]
[Black "rob0330"]
[Result "0-1"]
[WhiteElo "1423"]
[BlackElo "1774"]

1. Nf3 Nc6 2. c4 Nf6 3. Nc3 e5 4. e4 Bb4 5. d3 d6 6. Bd2 O-O 7. Be2 Nd4 8. O-O
Nxe2+ 9. Qxe2 Bg4 10. a3 Ba5 11. b4 Bb6 12. Na4 c6 13. Nxb6 Qxb6 14. Be3 Qc7 15.
Qd2 Bxf3 16. gxf3 Nd7 17. Kh1 f5 18. f4 fxe4 19. dxe4 exf4 20. Bxf4 Ne5 21. Bxe5
dxe5 22. f3 Rad8 23. Qa2 Kh8 24. c5 Rd3 25. Qg2 Qf7 26. Kg1 Rxf3 27. Qxf3 Qxf3
28. Rxf3 Rxf3 29. Kg2 Re3 0-1

[Event "AUTO-OPEN-1519"]
[Site "http://www.queenalice.com/game.php?id=573999"]
[Date "2009.4.18"]
[Round "1"]
[White "rob0330"]
[Black "citryien"]
[Result "0-1"]
[WhiteElo "1756"]
[BlackElo "1547"]

1. c4 e6 2. Nc3 d5 3. cxd5 exd5 4. d4 Nf6 5. Bg5 Be7 6. Nf3 c6 7. e3 Bg4 8. Be2
O-O 9. Ne5 Bxe2 10. Qxe2 Nbd7 11. O-O Nxe5 12. dxe5 Ne4 13. Bxe7 Qxe7 14. Nxe4
dxe4 15. f4 f5 16. Qc4+ Qf7 17. Qxf7+ Rxf7 18. h3 Rd8 19. g4 g6 20. b3 h6 21.
Kg2 Re7 22. Kg3 Kf7 23. Kh4 Rd3 24. gxf5 gxf5 25. Kh5 Rxe3 26. Kxh6 Rxh3+ 27.
Kg5 Ke6 28. Rh1 Rg7# 0-1

[Event "citryien"]
[Site "http://www.queenalice.com/game.php?id=574789"]
[Date "2009.4.20"]
[Round "1"]
[White "citryien"]
[Black "Popeye"]
[Result "0-1"]
[WhiteElo "1552"]
[BlackElo "1640"]

1. Nf3 d5 2. d4 h6 3. e3 a6 4. c4 Nf6 5. cxd5 Nxd5 6. Be2 e6 7. a3 b5 8. b4 Bd6
9. Bd2 Nd7 10. Nc3 c6 11. Nxd5 exd5 12. Rc1 Bb7 13. O-O O-O 14. Ne1 Nf6 15. Nd3
Ne4 16. Nc5 Nxd2 17. Qxd2 Bc8 18. Bf3 Re8 19. Nd3 Bd7 20. Nc5 Ra7 21. Nxd7 Qxd7
22. Rc3 Rc7 23. Rfc1 Rec8 24. h3 Be7 25. Qc2 g6 26. e4 Bg5 27. Rd1 dxe4 28. Bxe4
h5 0-1

[Event "AUTO-OPEN-1528"]
[Site "http://www.queenalice.com/game.php?id=577799"]
[Date "2009.4.26"]
[Round "1"]
[White "citryien"]
[Black "Bf7"]
[Result "0-1"]
[WhiteElo "1532"]
[BlackElo "1677"]

1. Nf3 f5 2. d4 Nf6 3. c4 g6 4. Nc3 Bg7 5. Bf4 d6 6. h3 c6 7. e3 O-O 8. Be2 Qe8
9. O-O Nbd7 10. Qc2 e5 11. dxe5 dxe5 12. Bh2 Qe7 13. Rad1 a5 14. a4 Nh5 15. Nd2
Nc5 0-1

[Event "AUTO-OPEN-1528"]
[Site "http://www.queenalice.com/game.php?id=577800"]
[Date "2009.4.26"]
[Round "1"]
[White "Bf7"]
[Black "citryien"]
[Result "1-0"]
[WhiteElo "1793"]
[BlackElo "1423"]

1. d4 d5 2. c4 e6 3. Nf3 Nf6 4. g3 Be7 5. Bg2 O-O 6. O-O c6 7. Qc2 Nbd7 8. Nbd2
a6 9. Rd1 dxc4 10. Nxc4 b5 11. Nce5 Qe8 12. Qxc6 Rb8 13. Bf4 Bb7 14. Qc7 Nxe5
15. Nxe5 Nd5 16. Qd7 Qxd7 17. Nxd7 1-0

[Event "AUTO-INT-1285"]
[Site "http://www.queenalice.com/game.php?id=577935"]
[Date "2009.4.26"]
[Round "1"]
[White "SGF"]
[Black "citryien"]
[Result "1-0"]
[WhiteElo "1615"]
[BlackElo "1517"]

1. e4 e6 2. Qf3 d5 3. exd5 exd5 4. d4 Nf6 5. Bg5 Be7 6. Bxf6 Bxf6 7. Ne2 O-O 8.
Nbc3 c6 9. Nf4 Re8+ 10. Nfe2 Bxd4 11. Rd1 1-0

[Event "AUTO-INT-1285"]
[Site "http://www.queenalice.com/game.php?id=577936"]
[Date "2009.4.26"]
[Round "1"]
[White "citryien"]
[Black "SGF"]
[Result "0-1"]
[WhiteElo "1505"]
[BlackElo "1627"]

1. Nf3 f6 2. c4 e5 3. e4 d6 4. Nc3 c6 5. d3 Bg4 6. Be2 h6 7. O-O Qd7 8. a3 h5 9.
Nh4 Bxe2 10. Qxe2 Qg4 0-1

[Event "AUTO-INT-1285"]
[Site "http://www.queenalice.com/game.php?id=577951"]
[Date "2009.4.26"]
[Round "1"]
[White "Gamingo"]
[Black "citryien"]
[Result "1-0"]
[WhiteElo "1572"]
[BlackElo "1477"]

1. e4 e6 2. d4 d5 3. Nc3 dxe4 4. Nxe4 Nc6 5. Nf3 Nge7 6. Bd3 Nd5 7. O-O Be7 8.
Bd2 a6 9. c4 Nf6 10. Re1 Nxd4 11. Bc3 Nxf3+ 12. Qxf3 O-O 13. Rad1 Bd7 14. Nxf6+
1-0

[Event "AUTO-INT-1285"]
[Site "http://www.queenalice.com/game.php?id=577952"]
[Date "2009.4.26"]
[Round "1"]
[White "citryien"]
[Black "Gamingo"]
[Result "0-1"]
[WhiteElo "1490"]
[BlackElo "1559"]

1. Nf3 d5 2. d4 c6 3. e3 Nf6 4. c4 e6 5. cxd5 exd5 6. a3 Bd6 7. Nc3 O-O 8. Be2
Bg4 9. O-O Nbd7 10. Bd2 Qc7 11. Rc1 Bxf3 12. Bxf3 Bxh2+ 13. Kh1 Bd6 0-1

[Event "Challenge"]
[Site "http://www.queenalice.com/game.php?id=578220"]
[Date "2009.4.26"]
[Round "-"]
[White "citryien"]
[Black "regicide13"]
[Result "0-1"]
[WhiteElo "1371"]
[BlackElo "1753"]

1. Nf3 d6 2. d4 h6 3. c4 Nf6 4. Nc3 e6 5. e4 Be7 6. Be2 O-O 7. Bd2 c5 8. d5 exd5
9. exd5 Nbd7 10. O-O Ne5 11. Nxe5 dxe5 12. f4 exf4 13. Bxf4 a6 14. Bf3 Bd6 15.
Bxd6 Qxd6 16. b3 Qe5 17. Na4 Nd7 18. Re1 Qg5 19. g3 Ne5 0-1

[Event "Challenge"]
[Site "http://www.queenalice.com/game.php?id=578226"]
[Date "2009.4.26"]
[Round "-"]
[White "Meauxchess"]
[Black "citryien"]
[Result "1-0"]
[WhiteElo "1884"]
[BlackElo "1517"]

1. b4 a6 2. Bb2 e6 3. Nf3 Nf6 4. a3 d5 5. e3 Be7 6. c4 c6 7. Be2 O-O 8. O-O dxc4
9. Bxc4 b5 10. Be2 Bb7 11. d4 a5 12. bxa5 Rxa5 13. Qb3 Ra8 14. a4 Qc8 15. Nbd2
1-0